三重県の市町村(1968年) - Statistics

General Stats
  • This quiz has been taken 29 times
  • The average score is 37 of 70
Answer Stats
コード 市町村 備考 % Correct
24203 伊勢市
100%
24204 松阪市
100%
24211 鳥羽市
100%
24201 津市
94%
24202 四日市市
89%
24205 桑名市
89%
24207 鈴鹿市
89%
24208 名張市
89%
24210 亀山市
89%
24209 尾鷲市
83%
24212 熊野市
78%
24206 上野市 2004年消滅
72%
24322 員弁郡員弁町 2003年消滅
67%
24324 員弁郡東員町
67%
24343 三重郡朝日町
61%
24344 三重郡川越町
61%
24301 桑名郡多度町 2004年消滅
56%
24302 桑名郡長島町 2004年消滅
56%
24323 員弁郡大安町 2003年消滅
56%
24325 員弁郡藤原町 2003年消滅
56%
24303 桑名郡木曽岬村 1989年昇格
50%
24321 員弁郡北勢町 2003年消滅
50%
24341 三重郡菰野町
50%
24342 三重郡楠町 2005年消滅
50%
24401 一志郡久居町 1970年昇格
50%
24403 一志郡一志町 2006年消滅
50%
24461 度会郡玉城町
50%
24470 度会郡度会町
50%
24522 志摩郡大王町 2004年消滅
50%
24525 志摩郡磯部町 2004年消滅
50%
24541 北牟婁郡長島町 1970年改称
50%
24542 北牟婁郡海山町 2005年消滅
50%
24561 南牟婁郡御浜町
50%
24562 南牟婁郡紀宝町
50%
24564 南牟婁郡鵜殿村 2006年消滅
50%
24402 一志郡香良洲町 2006年消滅
44%
24405 一志郡嬉野町 2005年消滅
44%
24406 一志郡美杉村 2006年消滅
44%
24441 多気郡多気町
44%
24442 多気郡明和町
44%
24463 度会郡小俣町 2005年消滅
44%
24465 度会郡南島町 2005年消滅
44%
24466 度会郡大宮町 2005年消滅
44%
24468 度会郡御薗村 2005年消滅
44%
24469 度会郡大内山村 2005年消滅
44%
24521 志摩郡浜島町 2004年消滅
44%
24523 志摩郡志摩町 2004年消滅
44%
24524 志摩郡阿児町 2004年消滅
44%
24361 鈴鹿郡関町 2005年消滅
39%
24381 安芸郡河芸町 2006年消滅
39%
24382 安芸郡芸濃町 2006年消滅
39%
24383 安芸郡美里村 2006年消滅
39%
24384 安芸郡安濃村 1977年昇格
39%
24404 一志郡白山町 2006年消滅
39%
24407 一志郡三雲村 1986年昇格
39%
24421 飯南郡飯南町 2005年消滅
39%
24422 飯南郡飯高町 2005年消滅
39%
24443 多気郡大台町
39%
24444 多気郡勢和村 2006年消滅
39%
24462 度会郡二見町 2005年消滅
39%
24464 度会郡南勢町 2005年消滅
39%
24467 度会郡紀勢町 2005年消滅
39%
24481 阿山郡伊賀町 2004年消滅
39%
24482 阿山郡島ヶ原村 2004年消滅
39%
24483 阿山郡阿山町 2004年消滅
39%
24484 阿山郡大山田村 2004年消滅
39%
24501 名賀郡青山町 2004年消滅
39%
24563 南牟婁郡紀和町 2005年消滅
39%
24445 多気郡宮川村 2006年消滅
33%
24385 安芸郡豊里村 1973年消滅
28%
No matching quizzes found
Score Distribution
Percent of People with Each Score
Percentile by Number Answered
Your Score History
You have not taken this quiz